000 00542nam a2200193Ia 4500
005 20250508164917.0
008 008 250505s9999 xx 000 0 hin d
037 _aDissertations
040 _aFEDL
_beng
_cFEDL
041 _ahin
_2eng
084 _a305.2, SAN/DI
_qFEDL
100 _aSangeeta Kumari
_9541101
245 0 _aKishoron ki pramukh samassayon ka addhyan
260 _c1999
300 _a117p.
546 _aM.Ed. Dissertation (Delhi University)
942 _cDIS
_h305.2, SAN/DI
999 _c1391961
_d1391961